Zdaňovanie výnosov cezhraničných portfóliových investícií uskutočnených prostredníctvom CIVs

Identifikácia príčin, ktoré vytvárajú prekážky prístupu CIVs k výhodám bilaterálnych daňových zmlúv. Metóda právnej analýzy pravidiel zdanenia výnosov z portfóliových investícií prostredníctvom CIVs.

Salvato in:
Dettagli Bibliografici
Autore principale: Kubicová, Jana, 1961-
Natura: Capitolo di libro
Lingua:slovacco
Soggetti:
Tags: Aggiungi Tag
Nessun Tag, puoi essere il primo ad aggiungerne!!

MARC

LEADER 00000nla$a2200000$$$4500
001 0149823
005 20240604073648.5
041 0 |a slo 
044 |a CZ 
245 1 0 |a Zdaňovanie výnosov cezhraničných portfóliových investícií uskutočnených prostredníctvom CIVs  |c Jana Kubicová 
520 |a Identifikácia príčin, ktoré vytvárajú prekážky prístupu CIVs k výhodám bilaterálnych daňových zmlúv. Metóda právnej analýzy pravidiel zdanenia výnosov z portfóliových investícií prostredníctvom CIVs. 
610 2 0 |a dane 
610 2 0 |a systémy daňové 
610 2 0 |a povinnosť daňová 
610 2 0 |a zdaňovanie medzinárodné 
610 2 0 |a zdanenie dvojité 
610 2 0 |a rezidenti 
610 2 0 |a výnosy 
100 1 |a Kubicová, Jana, 1961-